| 000 | 01119cam a22002771i 4500 | ||
|---|---|---|---|
| 003 | SA-RiAUC | ||
| 005 | 20241109143314.0 | ||
| 008 | 241101s2014 su g 00010 ara c | ||
| 040 |
_aSA-MaUQU _bara _cSA-RiAUC. _erda |
||
| 082 | 0 | 4 |
_a256.6 _qSA-RiAUC |
| 090 |
_a256.6 _bي ا س |
||
| 100 | 1 |
_aياسين، محمد براء _eمؤلف. |
|
| 245 | 1 | 0 |
_aعقوبة المرتد في الشريعة الإسلامية وجواب معارضات المنكرين / _cمحمد براء ياسين. |
| 250 | _aالطبعة الأولى. | ||
| 264 | 1 |
_aجدة، السعودية : _bمركز التأصيل للدراسات والبحوث، _c2014 |
|
| 300 |
_a175 صفحة ؛ _c24 سم. |
||
| 336 |
_aنص _btxt _2rdacontent _3كتاب |
||
| 337 |
_aبدون وسيط _bn _2rdamedia |
||
| 338 |
_aمجلد _bnc _2rdacarrier |
||
| 490 | 0 |
_aأوراق فكرية ؛ _v13 |
|
| 650 | 7 |
_aالردة (فقه إسلامي) _2aucsh |
|
| 650 | 7 |
_aالعقوبات (فقه إسلامي) _2aucsh |
|
| 650 | 7 |
_aالحدود (شريعة إسلامية) _2aucsh |
|
| 942 |
_2ddc _cBOOK _n0 |
||
| 949 |
_aSA-JeALM _d241101 _umohamedma123 _n1 |
||
| 999 |
_c2222 _d2222 |
||